[Event "TCh-HUN 2010-11"]
[Site "Nagykanizsa HUN"]
[Date "2011.03.27"]
[Round "7"]
[White "Gonda,L"]
[Black "Dovzik,J"]
[Result "1/2-1/2"]
[WhiteElo "2550"]
[BlackElo "2380"]

1.Nf3 d5 2.c4 c6 3.g3 Nf6 4.Bg2 Bf5 5.cxd5 cxd5 6.Qb3 Bc8 7.Nc3 Nc6 8.d4 e6
9.O-O Be7 10.Bf4 O-O 11.Rac1 Bd6 12.Bg5 Qb6 13.Qc2 Bd7 14.Bxf6 gxf6 15.Qd2 Rfd8
16.e4 dxe4 17.Nxe4 Be7 18.Rfd1 f5 19.Neg5 Be8 20.Qf4 h6 21.Nh3 Bf8 22.d5 Ne7
23.dxe6 fxe6 24.b3 Ng6 25.Qc4 Bf7 26.Qe2 Bg7 27.Nf4 Nxf4 28.gxf4 Bh5 29.Re1 Bxf3
30.Qxf3 Rd2 31.Re2 Rad8  1/2-1/2

[Event "TCh-BEL 2010-11"]
[Site "Roux BEL"]
[Date "2011.03.27"]
[Round "11.2"]
[White "Laurent,Ju"]
[Black "Geirnaert,S"]
[Result "1-0"]
[WhiteElo "2278"]
[BlackElo "2352"]

1.Nf3 d5 2.c4 dxc4 3.e4 c5 4.Bxc4 Nc6 5.Bb5 Bd7 6.Nc3 e6 7.O-O Bd6 8.d4 cxd4
9.Bxc6 Bxc6 10.Nxd4 Rc8 11.Nxc6 Rxc6 12.Nb5 Bb8 13.Qa4 Nf6 14.Nd4 Qc7 15.g3 Nxe4
16.Bf4 e5 17.Bxe5 Qxe5 18.Nxc6 bxc6 19.Rae1 O-O 20.Rxe4 Qxb2 21.Rc4 Qb5 22.Qc2 Bc7
23.Rxc6 Bb6 24.Rc8 g6 25.Rxf8+ Kxf8 26.Qc8+ Kg7 27.Qc3+ Kg8 28.Qf6 Qd7 29.Re1 Bd8
30.Qf3 Kg7 31.Rd1 Qc7 32.Qg4 Bf6 33.Rd7 Qc1+ 34.Qd1  1-0

[Event "1st Armen Norouz Cup"]
[Site "Esfahan IRI"]
[Date "2011.03.28"]
[Round "6"]
[White "Shalamberidze,A"]
[Black "Khorshidi,M"]
[Result "1/2-1/2"]
[WhiteElo "2360"]
[BlackElo "2130"]

1.Nf3 d5 2.c4 e6 3.g3 Nf6 4.Bg2 c6 5.Qc2 Nbd7 6.O-O Bd6 7.d4 O-O 8.Nbd2 Re8
9.b3 e5 10.cxd5 cxd5 11.dxe5 Nxe5 12.Bb2 Bd7 13.Rac1 Rc8 14.Qb1 Qa5 15.Rxc8 Bxc8
16.Rd1 Qb6 17.Bd4 Nxf3+ 18.Nxf3 Bc5 19.Bxc5 Qxc5 20.Qc1 Qxc1 21.Rxc1 Bd7
22.Nd4 Kf8 23.Rc7 Rc8 24.Rxc8+ Bxc8 25.Kf1 Bd7 26.Ke1 Ke7 27.f3 Kd6 28.Kd2 Kc5
29.Kc3 a5 30.a3 Ne8 31.e3 Nc7 32.Bf1 b6 33.Bd3 g6 34.g4 h6 35.h4 Bc8 36.g5 hxg5
37.hxg5 Ne6 38.Nxe6+ Bxe6 39.b4+ axb4+ 40.axb4+ Kd6 41.Kd4 Bh3 42.Be2 Bg2
43.Bd1 Bh1 44.Be2 Bg2 45.f4 Be4 46.Bb5 Bg2 47.Be8 Ke7 48.Ba4 Kd6 49.Bc2 Bf3
50.f5 gxf5 51.Bxf5 Bg2 52.Bh7 Bf3 53.Bg8 Bh5 54.Bh7 Bg6 55.Bxg6 fxg6 56.e4 dxe4
57.Kxe4 Ke6 58.b5 Kd6 59.Kd4  1/2-1/2

[Event "12th ch-EUR"]
[Site "Aix-les-Bains FRA"]
[Date "2011.04.02"]
[Round "11.79"]
[White "Grandelius,N"]
[Black "Rozhko,D"]
[Result "1-0"]
[WhiteElo "2547"]
[BlackElo "2365"]

1.Nf3 d5 2.c4 c6 3.e3 Nf6 4.Nc3 a6 5.d4 b5 6.b3 Bg4 7.Bd2 e6 8.h3 Bxf3 9.Qxf3 b4
10.Na4 Ne4 11.Bc1 Nd7 12.Bd3 f5 13.cxd5 cxd5 14.Qh5+ g6 15.Qe2 Qc8 16.Bb2 Be7
17.Rc1 Qb7 18.Bxe4 fxe4 19.Qg4 Kf7 20.Nc5 Qc6 21.Nxe4 Qb6 22.Ng5+ Bxg5 23.Qxg5 Rac8
24.O-O Nf6 25.Rc5 Rc6 26.e4 Nxe4 27.Qf4+ Ke7 28.Rxd5 exd5 29.Qe5+ Kf7 30.Qxh8 Nf6
31.Bc1 Qc7 32.Bh6 Qe7 33.Bd2 a5 34.Re1 Qf8 35.Qxf8+ Kxf8 36.Bg5 Ne4 37.Bd8 Ra6
38.f3 Nc3 39.a4 bxa3 40.Be7+ Kf7 41.Bxa3 Rb6 42.Re7+ Kf6 43.Rxh7 Rxb3 44.Bc5 Nb5
45.h4 a4 46.g4 g5 47.Rh6+ Kg7 48.hxg5 Rxf3 49.Kg2 Rd3 50.Be7 a3 51.Bf6+ Kf7
52.Be5 a2 53.g6+ Ke7 54.Rh7+ Ke6 55.g7  1-0

[Event "1st Evgen Zaveriukha Mem"]
[Site "Lviv UKR"]
[Date "2011.04.02"]
[Round "6.4"]
[White "Masliak,D"]
[Black "Melnichenko,A"]
[Result "1/2-1/2"]
[WhiteElo "2166"]
[BlackElo "2282"]

1.Nf3 d5 2.c4 c6 3.b3 Bf5 4.Bb2 h6 5.g3 e6 6.Bg2 Nf6 7.O-O Nbd7 8.d3 Be7
9.Nbd2 O-O 10.a3 Bh7 11.Ra2 Qb6 12.Qa1 Rfd8 13.Bc3 Ne8 14.b4 dxc4 15.Nxc4 Qc7
16.Rc1 Bf6 17.Nce5 Nd6 18.a4 a6 19.h3 Nf8 20.Nc4 Bxc3 21.Qxc3 Qe7 22.Nxd6 Rxd6
23.Rb2 Nd7 24.b5 Nb6 25.Qa5 cxb5 26.axb5 f6 27.Rbc2 axb5 28.Qxb5 Rad8 29.Rc7 R8d7
30.Rxd7 Qxd7 31.Rb1 e5 32.Qxd7 Nxd7 33.Rxb7 e4 34.dxe4 Bxe4 35.Ra7 Rd1+ 36.Kh2 Bc6
37.Nh4 Bxg2 38.Kxg2 Kf7 39.Nf5 h5 40.g4 hxg4 41.hxg4 g6 42.Ne3 Rd4  1/2-1/2

[Event "Karposh Open"]
[Site "Skopje MKD"]
[Date "2011.04.05"]
[Round "5"]
[White "Drenchev,P"]
[Black "Kizov,A"]
[Result "1-0"]
[WhiteElo "2517"]
[BlackElo "2399"]

1.Nf3 d5 2.c4 dxc4 3.e3 Be6 4.Na3 Nf6 5.Nxc4 Bd5 6.Be2 e6 7.O-O Be7 8.b3 c5
9.Bb2 O-O 10.Rc1 Nbd7 11.d3 b6 12.Rc2 Rc8 13.Qa1 Qc7 14.Rfc1 Qb8 15.a3 Rfd8
16.Bc3 Nf8 17.e4 Bb7 18.b4 Ng6 19.Nce5 Nf4 20.Bf1 Ba6 21.Ne1 c4 22.Nxc4 Nxd3
23.Bxd3 Bxc4 24.Be5 Bxd3 25.Rxc8  1-0

[Event "FSGM April"]
[Site "Budapest HUN"]
[Date "2011.04.09"]
[Round "8"]
[White "D'Costa,L"]
[Black "Gonda,L"]
[Result "1/2-1/2"]
[WhiteElo "2441"]
[BlackElo "2548"]

1.Nf3 d5 2.c4 c6 3.e3 Nf6 4.Nc3 e6 5.b3 Bd6 6.Bb2 O-O 7.Qc2 e5 8.cxd5 cxd5
9.Nb5 Nc6 10.Nxd6 Qxd6 11.Bb5 Nb4 12.Qc1 d4 13.a3 Bd7 14.Bc4 Nc6 15.a4 Nd5
16.O-O Ndb4 17.exd4 exd4 18.Ne1 Bf5 19.d3 Rfe8 20.Qd2 Bg4 21.f3 Bf5 22.Ba3 a5
23.Nc2 Qg6 24.Bxb4 Nxb4 25.Nxb4 axb4 26.Rae1 Qd6 27.Qg5 Qg6  1/2-1/2

[Event "TCh-HUN 2010-11"]
[Site "Budapest HUN"]
[Date "2011.04.10"]
[Round "8"]
[White "Szalai,K"]
[Black "Mester,G"]
[Result "1-0"]
[WhiteElo "2391"]
[BlackElo "2443"]

1.Nf3 d5 2.c4 Nf6 3.cxd5 Qxd5 4.Nc3 Qa5 5.g3 e5 6.d3 e4 7.dxe4 Nxe4 8.Bg2 Nxc3
9.bxc3 Be7 10.O-O O-O 11.Qc2 Bf6 12.Bd2 Qa6 13.e4 Nc6 14.Rfe1 g6 15.Rab1 Na5
16.Qa4 c6 17.e5 b5 18.Qf4 Bg7 19.Qh4 Bf5 20.Rbd1 Bc2 21.Rc1 Bd3 22.Bh6 Rfe8
23.Bxg7 Kxg7 24.Qf6+ Kg8 25.e6 fxe6 26.Rcd1 Rad8 27.Ne5 b4 28.Rxd3  1-0

[Event "TCh-HUN 2010-11"]
[Site "Budapest HUN"]
[Date "2011.04.10"]
[Round "8"]
[White "Kaposztas,M"]
[Black "Turzo,A"]
[Result "0-1"]
[WhiteElo "2258"]
[BlackElo "2331"]

1.Nf3 d5 2.c4 c6 3.d4 Nf6 4.Nc3 a6 5.c5 g6 6.h3 Bg7 7.Bf4 O-O 8.e3 Bf5 9.Be2 Nbd7
10.Ne5 Ne4 11.Nxe4 Bxe4 12.Nxd7 Qxd7 13.O-O f6 14.Bg4 Bf5 15.Bxf5 Qxf5 16.g4 Qd7
17.Bg3 e5 18.f3 Rae8 19.Qb3 f5 20.Rad1 fxg4 21.hxg4 e4 22.Kg2 exf3+ 23.Rxf3 Rxf3
24.Kxf3 Rf8+ 25.Kg2 Qxg4 26.Rg1 Qe2+ 27.Kh1 Rf5 28.Rg2 Qf1+ 29.Rg1 Qh3+ 30.Bh2 Rf2  0-1

[Event "Zagreb Open B"]
[Site "Zagreb CRO"]
[Date "2011.04.13"]
[Round "3.2"]
[White "Sribar,P"]
[Black "Savic,Miro"]
[Result "1/2-1/2"]
[WhiteElo "2164"]
[BlackElo "2260"]

1.Nf3 d5 2.c4 c6 3.b3 Nf6 4.g3 Bf5 5.Bg2 e6 6.O-O Nbd7 7.Bb2 Be7 8.d4 h5
9.Nc3 Ne4 10.h4 Qc7 11.cxd5 exd5 12.Rc1 Qd6 13.Ne5 f6 14.Nxe4 dxe4 15.Nc4 Qe6
16.Ne3 Nb6 17.Nxf5 Qxf5 18.Qc2 Qd7 19.Bxe4 Bd6 20.Bg6+ Kf8 21.e4 Rh6 22.e5 Be7
23.Rce1 Nd5 24.Bc1 Rh8 25.Re2 Qg4 26.exf6 gxf6 27.Rfe1 Bb4 28.Bf5 Qxd4 29.Bb2 Qc5
30.Qxc5+ Bxc5 31.Be6 Kg7 32.Rc1 Bb6 33.Bxd5 cxd5 34.Rd1 Rhd8 35.Red2 Rac8
36.Rxd5 Rxd5 37.Rxd5 Bxf2+ 38.Kxf2 Rc2+ 39.Kf3 Rxb2 40.Rxh5 Rxa2 41.Rc5 b6
42.Rc7+ Kg6 43.g4 Ra5 44.h5+ Kh6 45.Kf4 Ra1 46.Kf5 Rf1+ 47.Ke6 Rf4 48.Rxa7 Rxg4
49.Ra4 Kxh5 50.Kxf6 Rg6+ 51.Ke7 Kg5 52.Kd7 Kf5 53.Rc4 Ke5 54.Rc6 Rg7+ 55.Kc8 b5
56.b4 Rg4 57.Rc5+ Kd6 58.Rxb5 Kc6  1/2-1/2

[Event "17th Schloss Open A"]
[Site "Werther GER"]
[Date "2011.04.15"]
[Round "3"]
[White "Hess,C1"]
[Black "Schroeder,Ja"]
[Result "1-0"]
[WhiteElo "2239"]
[BlackElo "2144"]

1.Nf3 d5 2.c4 d4 3.b4 g6 4.d3 a5 5.b5 Bg7 6.g3 b6 7.Bg2 Bb7 8.O-O c5 9.bxc6 Nxc6
10.Qa4 Qd7 11.Qb5 Nb4 12.Qxd7+ Kxd7 13.Na3 Bc6 14.Bd2 e5 15.Rfb1 Ne7 16.Bxb4 axb4
17.Nc2 e4 18.Ng5 f5 19.Nxb4 Bb7 20.Nc2 h6 21.Rxb6 Bc6 22.Nh3 Rhb8 23.Rb4 g5
24.Rab1 Rxb4 25.Nxb4 Bb7 26.f4 exd3 27.Bxb7 Rb8 28.Nxd3  1-0

[Event "Zagreb Open B"]
[Site "Zagreb CRO"]
[Date "2011.04.15"]
[Round "5.6"]
[White "Sribar,P"]
[Black "Muha,Z"]
[Result "0-1"]
[WhiteElo "2164"]
[BlackElo "2126"]

1.Nf3 d5 2.c4 e6 3.d4 Nf6 4.Nc3 Nbd7 5.cxd5 exd5 6.Bg5 Bb4 7.e3 c5 8.Bd3 Qa5
9.O-O c4 10.Bf5 O-O 11.Qc2 Re8 12.Rfe1 Ne4 13.Bxe4 dxe4 14.Nxe4 Bxe1 15.Rxe1 Qf5
16.Nfd2 b5 17.f3 Nb6 18.Bh4 Qg6 19.Qd1 Nd5 20.Bf2 Nb4 21.Nc5 Nd3 22.Nxd3 Qxd3
23.Ne4 Qxd1 24.Rxd1 Rd8 25.Nc5 f5 26.d5 h6 27.e4 fxe4 28.fxe4 Bg4 29.Rd2 Rdc8
30.h3 Bh5 31.e5 b4 32.d6 Rc6 33.Rc2 Bf7 34.e6 Bxe6 35.Nxe6 Rxd6 36.Nd4 Rc8
37.Kf1 a5 38.b3 c3 39.Ke2 Ra8 40.Kd3 Rg6 41.g4 Rd6 42.Bg3 Rd7 43.h4 Rf8 44.Ke4 Rf1
45.Be5 Re1+ 46.Kf5 Rd1 47.Nf3 Rf1 48.Ke4 Rdd1 49.Bxc3 bxc3 50.Rxc3 Rc1 51.Rd3 Rfd1
52.Re3 Kf8 53.h5 Rc2 54.a4 Rcc1 55.Ne5 Re1 56.Nc4 Rxe3+ 57.Nxe3 Rb1 58.Nc4 Rxb3
59.Nxa5 Rb4+ 60.Kf5 Rxa4 61.Nc6 Ra1 62.Ne5 Ra5 63.Ke6 Ra6+ 64.Kd7 Rb6  0-1

[Event "60th ch-BUL w Final"]
[Site "Bankya BUL"]
[Date "2011.04.16"]
[Round "6.2"]
[White "Djingarova,E"]
[Black "Nikolova,A"]
[Result "1-0"]
[WhiteElo "2349"]
[BlackElo "2311"]

1.Nf3 d5 2.c4 c6 3.e3 Nf6 4.Nc3 dxc4 5.Bxc4 b5 6.Be2 a6 7.d4 e6 8.Qc2 Bb7
9.a3 a5 10.O-O Nbd7 11.Rd1 Nb6 12.Ne5 Bd6 13.Bd2 O-O 14.Rac1 Qe7 15.Bf3 Rfc8
16.Ne4 Bxe5 17.dxe5 Nxe4 18.Bxe4 g6 19.Bc3 c5 20.Bxb7 Qxb7 21.Qe2 Nd5 22.Bd2 Qb8
23.f4 Ra7 24.e4 Ne7 25.Be3 Rac7 26.Bf2 c4 27.Bh4 Qb6+ 28.Kh1 Qc5 29.Bf6 Nc6
30.Rd6 h6 31.Rc3 Ne7 32.Rh3 Kf8 33.Qd2  1-0

[Event "13th Dubai Open"]
[Site "Dubai UAE"]
[Date "2011.04.16"]
[Round "7"]
[White "Al Tarbosh,W"]
[Black "Sachdev,T"]
[Result "0-1"]
[WhiteElo "2230"]
[BlackElo "2407"]

1.Nf3 d5 2.c4 e6 3.g3 Nf6 4.Bg2 a6 5.b3 Nbd7 6.Bb2 Be7 7.O-O O-O 8.d4 dxc4
9.bxc4 c5 10.e3 Nb6 11.Qb3 Qc7 12.Ne5 Nfd7 13.f4 f6 14.Nxd7 Bxd7 15.Nd2 Bc6
16.Bxc6 bxc6 17.Rae1 Rab8 18.Qc2 Rfe8 19.Nb3 Bf8 20.Ba3 Nd7 21.dxc5 a5 22.Qd2 a4
23.Qa5 Qc8 24.Nd4 Ra8 25.Qc3 Nxc5 26.Rb1 e5 27.fxe5 Rxe5 28.Rb6 Qe8 29.Bc1 Ne4
30.Qc2 Bc5 31.Rb7 Qc8 32.Rb1 Qe8 33.Rb7 Nd6 34.Rc7 Rxe3 35.Bxe3 Qxe3+ 36.Kh1 Bxd4
37.Rxc6 Ne4 38.Rc1 Nf2+ 39.Kg2 Nd3  0-1

[Event "17th Schloss Open A"]
[Site "Werther GER"]
[Date "2011.04.16"]
[Round "4"]
[White "Gazic,J"]
[Black "Michalczak,T"]
[Result "0-1"]
[WhiteElo "2280"]
[BlackElo "2332"]

1.Nf3 d5 2.c4 e6 3.g3 Nf6 4.Bg2 Be7 5.O-O O-O 6.d4 dxc4 7.Ne5 Nc6 8.Nxc6 bxc6
9.Bxc6 Rb8 10.Nc3 Bb7 11.Bxb7 Rxb7 12.e4 Qd7 13.e5 Nd5 14.Qe2 Nxc3 15.bxc3 Qd5
16.Qg4 Rfb8 17.h4 Kf8 18.Bg5 Bxg5 19.hxg5 Rb2 20.Rae1 Rxa2 21.Re3 Rd2 22.Qh5 Kg8
23.Rf3 g6 24.Qg4 Rd3 25.Rf4 Rxc3 26.Qh3 Rf3 27.Rh4 Kf8 28.Rxh7 Ke7 29.Qg4 c3
30.Rc1 c2 31.Rxc2 Rb1+ 32.Kg2 Rc3+  0-1

[Event "XXV Catalunya Open"]
[Site "Barcelona ESP"]
[Date "2011.04.17"]
[Round "2"]
[White "Lazaro Porta,A"]
[Black "Perez Mitjans,O"]
[Result "0-1"]
[WhiteElo "1968"]
[BlackElo "2457"]

1.Nf3 d5 2.c4 c6 3.e3 Nf6 4.b3 Bg4 5.Bb2 Nbd7 6.Be2 Bxf3 7.Bxf3 e5 8.cxd5 cxd5
9.O-O Bd6 10.d3 h5 11.Nc3 e4 12.dxe4 Bxh2+ 13.Kxh2 Ng4+ 14.Kh3 Nde5 15.Nxd5 Qd7
16.Nf6+ Nxf6+ 17.Qxd7+ Nfxd7 18.Be2 f6 19.f4 Nf7 20.Rfd1 Nb8 21.Rd5 Nc6 22.Rxh5 O-O-O
23.Rxh8 Rxh8+ 24.Kg3 Nd6 25.Bf3 Rd8 26.e5 fxe5 27.Bg4+ Kc7 28.f5 Rf8 29.Rf1 g6
30.f6 Ne4+ 31.Kh2 Nxf6 32.Bh3 Ng4+ 33.Bxg4 Rxf1 34.Kg3 Rf8 35.Bf3 Rd8 36.Bc1 Nb4
37.Bb2 Nd3 38.Bc3 Re8 39.Be4 Nc5 40.Bc2 Kd6 41.b4 Nd7 42.Bb3 Nf6 43.Kf3 e4+
44.Ke2  0-1

[Event "TCh-CZE 2010-11"]
[Site "Czech Rep CZE"]
[Date "2011.04.17"]
[Round "11.6"]
[White "Cvek,R"]
[Black "Cerveny,M"]
[Result "1-0"]
[WhiteElo "2488"]
[BlackElo "2317"]

1.Nf3 d5 2.c4 c6 3.e3 Nf6 4.Nc3 e6 5.b3 Nbd7 6.Bb2 Bd6 7.Be2 O-O 8.O-O Qe7
9.Qc2 a6 10.d4 dxc4 11.bxc4 Re8 12.c5 Bb8 13.Na4 e5 14.dxe5 Ng4 15.Rad1 Bc7
16.e6 Qxe6 17.h3 Ngf6 18.Bc4 Nd5 19.Rfe1 Qe7 20.Bxd5 cxd5 21.Rxd5 Nf6 22.Ng5 h6
23.Bxf6 Qxf6 24.Qh7+ Kf8 25.Ne4 Qc6 26.Nac3 Be6 27.Red1 f6 28.Nxf6 gxf6 29.Qxh6+ Kf7
30.Qh7+ Kf8 31.Rd7 Bxd7 32.Rxd7 Qxd7 33.Qxd7 Be5 34.Ne4 Rad8 35.Qg4 Rd5 36.f4 Bb2
37.Nd6 Re7 38.Qc8+ Kg7 39.Nf5+ Rxf5 40.Qxf5 Rxe3 41.Qd7+ Kg6 42.Qd2  1-0

[Event "Norsk Open A"]
[Site "Fagernes NOR"]
[Date "2011.04.17"]
[Round "6"]
[White "Mirzoev,A"]
[Black "Getz,N"]
[Result "1-0"]
[WhiteElo "2571"]
[BlackElo "2333"]

1.Nf3 d5 2.c4 e6 3.g3 Nf6 4.Bg2 dxc4 5.Qa4+ c6 6.Qxc4 b5 7.Qc2 Bb7 8.O-O Nbd7
9.a4 b4 10.d3 c5 11.a5 Rc8 12.Nbd2 Be7 13.Nc4 Nd5 14.Nfd2 O-O 15.Nb3 Qc7
16.e4 N5f6 17.Bf4 e5 18.Be3 Ng4 19.Bd2 Rcd8 20.Bh3 h5 21.f3 Ngf6 22.Be3 h4
23.Qf2 hxg3 24.hxg3 Qc6 25.Rfc1 Ba6 26.Qh2 Bxc4 27.Rxc4 Nb6 28.axb6 Rxd3
29.Na5 Qb5 30.Bf1 Rxe3 31.Rc3 Re1 32.Rxe1 Qxa5 33.Rcc1 Qxb6 34.Bc4 g6 35.Qh6 Nh5
36.Kg2 Rd8 37.Red1 Rd4 38.Rxd4 exd4 39.e5 Bf8 40.Qg5 Ng7 41.Kf2 Ne6 42.Qh4 a5
43.Rh1 Bg7 44.Qe7 Bf8 45.Qd7 b3 46.Qa4 Bg7 47.f4 g5 48.f5 Nc7 49.Qd7  1-0

[Event "TCh-SUI 2011"]
[Site "Switzerland SUI"]
[Date "2011.04.17"]
[Round "3.3"]
[White "Moor,R"]
[Black "Netzer,Je"]
[Result "0-1"]
[WhiteElo "2395"]
[BlackElo "2400"]

1.Nf3 d5 2.c4 d4 3.g3 Nc6 4.Bg2 e5 5.O-O a5 6.d3 h6 7.e3 Be7 8.exd4 exd4
9.b3 Nf6 10.Ba3 O-O 11.Bxe7 Qxe7 12.a3 Bf5 13.Ra2 Rae8 14.Rb2 Qd6 15.Qd2 Nd7
16.b4 axb4 17.axb4 Nce5 18.Ne1 c6 19.Na3 Qg6 20.Rb3 Nb6 21.h3 h5 22.Kh2 Re7
23.f4 Ned7 24.Nac2 Rd8 25.Nxd4 Nf8 26.Qf2 Nc8 27.Nef3 Qf6 28.Ne5 Bh7 29.Ndf3 Ne6
30.d4 Be4 31.Rd1 Nd6 32.Nh4 g5 33.Bxe4 gxh4 34.Bb1 Nf5 35.gxh4 Rxd4 36.Rg1+ Kh8
37.Rg5 Nxg5 38.hxg5 Qd6 39.Rb2 Rxe5 40.fxe5 Qxe5+  0-1

[Event "CCF Easter IM Norm"]
[Site "Coulsdon ENG"]
[Date "2011.04.18"]
[Round "2"]
[White "Campbell,E"]
[Black "Lalic,B"]
[Result "0-1"]
[WhiteElo "1925"]
[BlackElo "2474"]

1.Nf3 d5 2.c4 dxc4 3.e3 e6 4.Bxc4 c5 5.O-O a6 6.Qe2 Nf6 7.Rd1 b5 8.Bb3 Nc6
9.a4 Rb8 10.axb5 axb5 11.d4 c4 12.Bc2 Nb4 13.Nc3 Nxc2 14.Qxc2 Nd5 15.Ne5 Nb4
16.Qe2 Bd6 17.b3 cxb3 18.Nxb5 O-O 19.Nxd6 Qxd6 20.Ba3 f6 21.Nd3 Ba6 22.Bxb4 Rxb4
23.Qb2 Bxd3 24.Rxd3 Qd5 25.Rc3 e5 26.Rc5 Qd6 27.Qc3 Rbb8 28.Rb1 exd4 29.exd4 Qb6
30.h3 Qb4 31.Qxb4 Rxb4 32.Rc3 b2 33.Rc2 Rfb8 34.Kf1 Kf7 35.Ke2 Ke6 36.Kd3 Kd6
37.Rc4 R4b5 38.Kc2 h5 39.Rc5 h4 40.Rxb5 Rxb5 41.Rxb2 Rg5 42.Kd2 Rxg2 43.Ke2 Rh2
44.Rb3 Kd5 45.Rb5+ Ke4 46.d5 Ke5 47.Rb7 g5 48.Rf7 Rxh3 49.d6 Ra3 50.d7 Ra8
51.Re7+ Kd6 52.Re8 Ra2+  0-1

[Event "Schackstudion GM"]
[Site "Lund SWE"]
[Date "2011.04.18"]
[Round "5"]
[White "Grandelius,N"]
[Black "Tikkanen,H"]
[Result "1-0"]
[WhiteElo "2547"]
[BlackElo "2541"]

1.Nf3 d5 2.c4 d4 3.g3 Nc6 4.Bg2 g6 5.d3 Bg7 6.Na3 e5 7.O-O Nge7 8.Nc2 a5
9.b3 O-O 10.a3 Bf5 11.Bb2 Rb8 12.Nd2 Qd7 13.Ne4 Bh3 14.Nc5 Qc8 15.Bxh3 Qxh3
16.b4 b6 17.Na6 Rb7 18.b5 Nd8 19.e3 dxe3 20.Nxe3 c5 21.Ng4 Nf5 22.Ra2 Re8
23.Re1 Rbe7 24.Nb8 Nd4 25.Ne3 Rb7 26.Nc6 N8xc6 27.bxc6 Nxc6 28.Nd5 Re6 29.Bc3 Ne7
30.Qa4 Nf5 31.Rae2 Rb8 32.Qd7 g5 33.Bxe5 Nh4 34.Ne7+ Kf8 35.Bxg7+ Kxg7 36.Qd5 Rxe2
37.Rxe2 Qg4 38.Kf1 Nf3 39.Nf5+ Kf6 40.Re3 Nxh2+ 41.Kg2 Qxf5 42.Qd6+ Kg7 43.Qxb8 Ng4
44.Rf3 Qe6 45.Qd8 h6 46.d4 Qxc4 47.d5 Qe4 48.d6 Qe6 49.Qe7 Nf6 50.a4 g4 51.Rf4 h5
52.Kf1 Kg6 53.Qd8 c4 54.d7 Nxd7 55.Qg8+ Kh6 56.Rxf7  1-0

[Event "ch-ISL"]
[Site "Egilsstadir ISL"]
[Date "2011.04.19"]
[Round "5"]
[White "Kjartansson,G"]
[Black "Halldorsson,J"]
[Result "1-0"]
[WhiteElo "2327"]
[BlackElo "2195"]

1.Nf3 d5 2.c4 c6 3.e3 Nf6 4.Nc3 g6 5.d4 Bg7 6.Qb3 O-O 7.Bd2 e6 8.Bd3 Nbd7
9.O-O Re8 10.Rad1 a6 11.a4 a5 12.Qc2 Qe7 13.e4 dxe4 14.Bxe4 e5 15.d5 Nc5
16.Bg5 Ncxe4 17.Nxe4 Bf5 18.Bxf6 Bxe4 19.Qxe4 Qxf6 20.d6 Rad8 21.c5 Qf4 22.Qxf4 exf4
23.Rd3 Re4 24.b3 Bb2 25.Nd2 Rd4 26.Rxd4 Bxd4 27.Rc1 f6 28.Rc4 Be5 29.Rc2 b6
30.cxb6 Rxd6 31.Kf1 f3 32.Nxf3 Rd3 33.Nxe5 fxe5 34.b4  1-0

[Event "ch-DEN"]
[Site "Odense DEN"]
[Date "2011.04.20"]
[Round "5"]
[White "Rasmussen,A"]
[Black "Seegert,K"]
[Result "1-0"]
[WhiteElo "2538"]
[BlackElo "2146"]

1.Nf3 d5 2.c4 c6 3.e3 Nf6 4.Qc2 g6 5.Nc3 Bg7 6.d4 O-O 7.Be2 Bf5 8.Qb3 b6
9.O-O h6 10.Bd2 g5 11.cxd5 cxd5 12.Rfc1 e6 13.Nb5 Ne8 14.Bb4 a6 15.Bxf8 Bxf8
16.Nc3 Bd6 17.Ne5 f6 18.e4 fxe5 19.exf5 Nf6 20.fxe6  1-0

[Event "60th ch-BUL w Final"]
[Site "Bankya BUL"]
[Date "2011.04.21"]
[Round "11.5"]
[White "Djingarova,E"]
[Black "Ivanova,Si"]
[Result "1-0"]
[WhiteElo "2349"]
[BlackElo "1871"]

1.Nf3 d5 2.c4 e6 3.g3 Nf6 4.Bg2 c5 5.O-O Be7 6.b3 O-O 7.Bb2 d4 8.e3 Nc6 9.exd4 cxd4
10.Re1 Bc5 11.d3 Re8 12.a3 a5 13.Ne5 Nxe5 14.Rxe5 Nd7 15.Re1 e5 16.Nd2 Nf6
17.h3 Rb8 18.Nf3 Qc7 19.Bc1 Bd7 20.Bd2 b6 21.b4 Bf8 22.Rb1 axb4 23.axb4 Bf5
24.Bg5 Nd7 25.Bc1 Rbd8 26.Nh4 Be6 27.f4 exf4 28.gxf4 Be7 29.Nf3 Nf6 30.Ne5 Bd6
31.Nc6 Rc8 32.Qf3 Bd7 33.Rxe8+ Rxe8 34.Nxd4 Re1+ 35.Kf2 Bxb4 36.Nc2 Rxc1
37.Rxc1 Bd2 38.Ra1 Bxf4 39.Ra8+ Be8 40.Nd4 h6 41.Ne2 Bd6 42.Qe3 Qd7 43.Kg1 Bc7
44.Nd4 Qd6 45.Rxe8+ Nxe8 46.Qxe8+ Kh7 47.Be4+ g6 48.Qxf7+ Kh8 49.Qf2 Qa3
50.Qf6+ Kg8 51.Bd5+  1-0

[Event "CCF Easter IM Norm"]
[Site "Coulsdon ENG"]
[Date "2011.04.21"]
[Round "8"]
[White "Campbell,E"]
[Black "Briscoe,C"]
[Result "0-1"]
[WhiteElo "1925"]
[BlackElo "2226"]

1.Nf3 d5 2.c4 d4 3.g3 c5 4.Bg2 Nc6 5.O-O Nf6 6.d3 e5 7.e3 Be7 8.Re1 O-O 9.exd4 exd4
10.Na3 Bg4 11.Nc2 Qd7 12.Bg5 h6 13.Bxf6 Bxf6 14.Qd2 Qf5 15.Qf4 Qxd3 16.Ncxd4 Nxd4
17.Qxg4 Qxc4 18.Nxd4 Bxd4 19.Qe2 Qb4 20.Qe7 Qxb2  0-1

[Event "9th V Nabokov IM"]
[Site "Kyiv UKR"]
[Date "2011.04.21"]
[Round "4.4"]
[White "Grinev,V"]
[Black "Kernazhitsky,L"]
[Result "1-0"]
[WhiteElo "2375"]
[BlackElo "2342"]

1.Nf3 d5 2.c4 c6 3.d4 Nf6 4.e3 a6 5.Nc3 g6 6.Bd3 Bg7 7.h3 O-O 8.Bd2 dxc4
9.Bxc4 b5 10.Be2 Nbd7 11.b4 Nd5 12.Qb3 N7b6 13.Ne4 Nc7 14.Nc5 Be6 15.Nxe6 Nxe6
16.O-O Qd6 17.Rac1 Kh8 18.Rc2 Rac8 19.Rfc1 Nd5 20.Qa3 a5 21.Qxa5 Ra8 22.Rxc6 Qb8
23.Qxb5 Qxb5 24.Bxb5  1-0

[Event "Philadelphia Open"]
[Site "Philadelphia USA"]
[Date "2011.04.22"]
[Round "4"]
[White "Matamoros Franco,C"]
[Black "Itkis,H"]
[Result "1-0"]
[WhiteElo "2549"]
[BlackElo "2128"]

1.Nf3 d5 2.c4 c6 3.g3 Nf6 4.Bg2 Bg4 5.Ne5 Bf5 6.cxd5 cxd5 7.Nc3 e6 8.Qa4+ Nbd7
9.g4 Bg6 10.h4 a6 11.Nxd7 Qxd7 12.Qxd7+ Kxd7 13.h5 Bc2 14.d3 d4 15.Kd2 dxc3+
16.Kxc2 cxb2 17.Bxb2 Rc8+ 18.Kb3 Nxg4 19.Rh4 Nh6 20.Rc4 Rxc4 21.Kxc4 Nf5
22.Kb3 Nd6 23.e4 f6 24.d4 Be7 25.Rc1 Rc8 26.Rxc8 Kxc8 27.f3 g6 28.hxg6 hxg6
29.Bf1 Kc7 30.a4 a5 31.Bd3 b6 32.Ba3 e5 33.dxe5 fxe5 34.Bb2 Bf6 35.f4 Nf7
36.Bc4  1-0

[Event "Joao Braga Open"]
[Site "Sao Paolo BRA"]
[Date "2011.04.22"]
[Round "4.5"]
[White "Shumyatsky,V"]
[Black "Gisclan,H"]
[Result "1-0"]
[WhiteElo "2382"]
[BlackElo "2255"]

1.Nf3 d5 2.c4 c6 3.b3 Nf6 4.Bb2 Bg4 5.d4 e6 6.Nbd2 a5 7.a3 Nbd7 8.e3 Bd6
9.Be2 O-O 10.O-O Qb8 11.h3 Bh5 12.Nh4 Bxe2 13.Qxe2 Ne4 14.Nxe4 dxe4 15.g4 a4
16.b4 b5 17.f3 Bg3 18.Ng2 exf3 19.Rxf3 bxc4 20.e4 Bc7 21.Raf1 Qb5 22.Qf2 f6
23.Nf4 Bxf4 24.Rxf4 e5 25.Rf5 Rae8 26.g5 g6 27.gxf6 gxf5 28.Qg3+ Kf7 29.Qg7+ Ke6
30.exf5+ Kd6 31.f7 e4 32.fxe8=N+ Rxe8 33.Qg3+ Ke7 34.f6+ Kd8 35.f7 Rf8 36.Bc1 Qh5  1-0

[Event "Dhamso Open"]
[Site "Ambalangoda SRI"]
[Date "2011.04.23"]
[Round "6"]
[White "Sandamith,Wm"]
[Black "De Silva,O"]
[Result "1/2-1/2"]
[WhiteElo "1696"]
[BlackElo "1931"]

1.Nf3 d5 2.c4 Nf6 3.g3 e6 4.Bg2 Be7 5.O-O O-O 6.d3 c5 7.Nbd2 Nc6 8.e4 dxe4
9.dxe4 e5 10.a3 Qc7 11.Qc2 Rd8 12.h3 Be6 13.Re1 Rd6 14.Qc3 Nd7 15.Nf1 Nd4
16.Kh2 Rb6 17.N3d2 Bg5 18.b4 cxb4 19.axb4 Rxb4 20.f4 exf4 21.Qxd4 fxg3+ 22.Kh1 Bf6
23.Qe3 Bxa1 24.Ba3 Ra4 25.Rxa1 Bxc4 26.Rc1 b5 27.Nxg3 Qb6 28.Qxb6 axb6 29.Bb2 Nc5
30.Bd4 Rd8 31.Be3 Rd3 32.Nf5 Ra2 33.Nxc4 bxc4  1/2-1/2

[Event "Joao Braga Open"]
[Site "Sao Paolo BRA"]
[Date "2011.04.23"]
[Round "6.2"]
[White "Shumyatsky,V"]
[Black "Fier,A"]
[Result "0-1"]
[WhiteElo "2382"]
[BlackElo "2586"]

1.Nf3 d5 2.c4 d4 3.b4 g6 4.d3 Bg7 5.g3 Nh6 6.Bg2 Nf5 7.Na3 h5 8.h4 Nd7 9.Nc2 Nf6
10.Rb1 Ng4 11.O-O c6 12.Re1 O-O 13.Bg5 a6 14.e4 dxe3 15.Bxe3 Ngxe3 16.Nxe3 Nxe3
17.Rxe3 Bf5 18.Qe1 e6 19.Rd1 a5 20.a3 axb4 21.axb4 Bh6 22.Re2 Bg4 23.Qc3 Bg7
24.d4 e5 25.Qb3 exd4 26.Red2 Re8 27.c5 Re6 28.Kh2 Qe7 29.Nxd4 Bxd1 30.Qxd1 Re1
31.Qf3 Rd8 32.Nb3 Rxd2 33.Nxd2 Qe2 34.Qxe2 Rxe2 35.Nc4 Bc3 36.Nd6 Bxb4 37.Nxb7 Rxf2
38.Kh3 Rc2 39.Be4 Rc3  0-1

[Event "Dhamso Open"]
[Site "Ambalangoda SRI"]
[Date "2011.04.24"]
[Round "8"]
[White "Sandamith,Wm"]
[Black "Dissanayake,RS"]
[Result "1-0"]
[WhiteElo "1696"]
[BlackElo "2021"]

1.Nf3 d5 2.c4 e6 3.g3 c6 4.Bg2 Nf6 5.O-O Be7 6.d3 O-O 7.Nc3 Nbd7 8.a3 Nb6
9.Nd2 Re8 10.b4 Nfd7 11.Bb2 Nf8 12.e4 d4 13.Ne2 e5 14.h3 Nbd7 15.f4 f6 16.Qb3 c5
17.Nf3 Ne6 18.Nh4 Qc7 19.Nf5 Bf8 20.b5 b6 21.Qd1 Bb7 22.Qe1 Bd6 23.Nxd6 Qxd6
24.Qf2 Qe7 25.Bc1 Kh8 26.g4 exf4 27.Bxf4 Nxf4 28.Nxf4 Ne5 29.Qg3 a6 30.Rfb1 Qf7
31.a4 axb5 32.Rxb5 Ra6 33.Rab1 Nd7 34.a5 Bc6 35.R5b3 Rxa5 36.Nd5 Rea8 37.Qc7 Ba4
38.Rxb6  1-0

[Event "15th Neckar Open"]
[Site "Deizisau GER"]
[Date "2011.04.24"]
[Round "6"]
[White "Baramidze,D"]
[Black "Skembris,S"]
[Result "1-0"]
[WhiteElo "2554"]
[BlackElo "2461"]

1.Nf3 d5 2.c4 c6 3.d4 Nf6 4.Nc3 g6 5.Bf4 Bg7 6.e3 O-O 7.Bd3 c5 8.dxc5 Qa5
9.O-O dxc4 10.Bxc4 Qxc5 11.Ne5 Nc6 12.Nxc6 bxc6 13.Qd4 Nd7 14.Qxc5 Nxc5 15.Rfd1 Be6
16.Bxe6 Nxe6 17.Bg3 Rfd8 18.Na4 Rd5 19.Rdc1 Rad8 20.Kf1 Rd2 21.Rab1 c5 22.Ke1 f5
23.Rd1 R2d7 24.Rxd7 Rxd7 25.Rc1 g5 26.Rc4 Rb7 27.b3 Rb5 28.f3 Kf7 29.h4 h6
30.hxg5 hxg5 31.Kd2 Bf6 32.Kd3 Kg6 33.Bh2 Kh5 34.g4+ fxg4 35.Rxg4 Rb7 36.Rc4 Rb5
37.Ke4 Ra5 38.Kd5 Ra6 39.Re4 Nd8 40.Kc4  1-0